000 00353nam a2200145Ia 4500
008 230917s9999||||xx |||||||||||||| ||und||
040 _e53445
_aMAIN
041 _aEnglish
082 _aB N315K:K
100 _aKalhan, Promila
245 0 _aKamala Nehru: An intimate biography
260 _aDelhi
_bVikas
_c1973
300 _avi, 145 p.
942 _cBK
999 _c124044
_d124044